000 01165nam a2200277 c 4500
999 _c97559
_d97559
003 BLK
005 20240603174625.0
008 180409b bul|||||r ||||||| ||bul||
010 _aKNG00102471000
040 _aBLK
041 _aBUL
_cBUL
080 _aАрабска литература. Подразделя се с помощта на общите определители на място (5/6)
_b821.411.21
_x-34
_z821.411.21-34
139 _aХрам на чудесата
_bХ 73
245 1 0 _aХрам на чудесата
_bПриказки от 1001 нощ : Сборник
_cпрев. от араб. [с послесл.] Катя Ахмад ; прев. на стиховете Йордан Милев ; худож. Васил Миовски
260 _aСофия
_bНар. младеж
_c1986
300 _a255 с.
_c24 см
380 _aX
700 1 _aАхмад, Катя
_eпрев. от араб.
_9307234
852 _aЦб 142013
856 4 _qpdf
_i0.00
_ldisable
856 4 _qpdf
_i0.00
_ldisable
942 _cKNG
_n0
_03
_s1
944 _aCR
_c01.01.1999
_k30534
_lРадостина Карадакова
944 _aED
_c15.01.2003
999 _d97559